000 00286nam a22001217a 4500
008 171207b xxu||||| |||| 00| 0 eng d
041 _aeng
080 _a 616.8
100 _a26
101 _aNEU
245 _aTHE YEAR BOOK OF NEUROLOGY AND NEUROSURGERY
_cGIBBS,S.R
942 _2udc
_cBK
999 _c38810
_d38810